| 000 | 01927cas a2200421 4500 | ||
|---|---|---|---|
| 001 | 11242636 | ||
| 003 | OSt | ||
| 005 | 20120307124130.0 | ||
| 008 | 810508u19uu9999ug ar w f uuua eng | ||
| 010 | _a 80647533 | ||
| 035 | _a(OCoLC)ocm07403485 | ||
| 040 |
_aDLC _cDLC _dNST _dMnMULS |
||
| 042 | _alc | ||
| 043 | _af-ug--- | ||
| 050 | 0 | 0 | _aLAW |
| 082 | _a348.0416761 UGA | ||
| 110 | 1 | 0 |
_aUganda. _bHigh Court. _94239 |
| 245 | 1 | 4 | _aThe Uganda law reports 1972 Part I and II / |
| 250 | _a[1st] ed. _ | ||
| 260 | 0 | 0 |
_aKampala : _bLaw Development Centre, _c1972- |
| 300 |
_av. _c25 cm. |
||
| 310 | _aAnnual | ||
| 515 | _aIssued in 2 or more pts. | ||
| 590 | _aSERBIB/SERLOC merged record | ||
| 650 | 0 |
_aLaw reports, digests, etc. _zUganda. _94240 |
|
| 780 | 0 | 0 |
_aUganda. High Court. _tLaw reports, containing cases determined by the High Court of Uganda |
| 901 | _cBind/Label | ||
| 906 |
_a7 _bcbc _cserials _d4 _encip _f19 _gn-oclcserc |
||
| 936 | _a1973 | ||
| 942 |
_2ddc _cLRT |
||
| 999 |
_c2126 _d2126 |
||